| 000 | 00680nam a22002293a 4500 | ||
|---|---|---|---|
| 005 | 20221129063644.0 | ||
| 008 | 010531s1998 mx fr 000 0 spa d | ||
| 020 | _a9687444223 | ||
| 035 | _aUPN01000116893 | ||
| 049 | _aI | ||
| 050 | 4 |
_aPZ76.3 M6 _bM6.5a 1998 |
|
| 100 | 1 |
_aMolina, Silvia, _d1946- _929354 |
|
| 245 | 1 | 3 |
_aEl misterioso caso de la perra extraviada / _cSilvia Molina, Ruth Rodríguez. |
| 250 | _a2a ed. | ||
| 260 |
_aMéxico : _bCorunda, _c1998. |
||
| 300 |
_a45 p. : _bil. |
||
| 440 | 3 | _aLa golondrina viajera | |
| 650 | 0 |
_aPerros _vCuentos y leyendas _98586 |
|
| 650 | 4 |
_aCuentos infantiles _96744 |
|
| 700 | 1 |
_aRodríguez, Ruth, _ecoaut. |
|
| 905 | _aInfantil | ||
| 999 |
_c89535 _d89535 |
||